000 00533nam a2200205Ia 4500
003 OSt
005 20230405104920.0
008 210423s2010 xx 000 0 und d
020 _a9781412935852
040 _cAL
041 _aeng
082 _a155.7 HAMS
_223
100 _aHAMPTON (Simon).
_983145
245 _aEssential evolutionary psychology.
260 _aLos Angeles
_bSage Publications
_c2010
300 _axvii,258
_bPB
365 _b1594
_cINR
906 _aEssential ; evolutionary ; psychology.
942 _2ddc
_cBK
999 _c158699
_d158699